|
|
|
|
| LEADER |
01078nam a2200289 a 4500 |
| 001 |
15964515 |
| 008 |
111121s2011 nyua b 001 0 eng d |
| 010 |
|
|
|a 2009940261
|
| 020 |
|
|
|a 9781429219495 (hbk.)
|
| 020 |
|
|
|a 1429219491 (hbk.)
|
| 040 |
|
|
|a DLC
|c DLC
|d BD-DhAAL
|
| 082 |
0 |
0 |
|a 336
|2 23
|
| 100 |
1 |
|
|a Gruber, Jonathan.
|
| 245 |
1 |
0 |
|a Public finance and public policy /
|c Jonathan Gruber.
|
| 250 |
|
|
|a 3rd ed.
|
| 260 |
|
|
|a New York :
|b Worth Publishers,
|c c2011.
|
| 300 |
|
|
|a 1 v. (various pagings) :
|b ill. (some col.) ;
|c 27 cm.
|
| 504 |
|
|
|a Includes bibliographical references and indexes.
|
| 541 |
1 |
|
|e 00023836
|
| 650 |
|
0 |
|a Finance, Public.
|
| 650 |
|
0 |
|a Fiscal policy.
|
| 650 |
|
0 |
|a Public welfare
|x Finance.
|
| 650 |
|
0 |
|a Taxation.
|
| 852 |
1 |
|
|a Ayesha Abed Library
|j General shelf
|
| 856 |
4 |
2 |
|3 Publisher description
|u http://www.loc.gov/catdir/enhancements/fy1110/2009940261-d.html
|
| 999 |
|
|
|c 11441
|d 11441
|
| 952 |
|
|
|0 0
|1 0
|4 0
|6 336_GRU
|7 0
|9 18601
|a BRACUL
|b BRACUL
|c GEN
|d 2011-11-21
|e Amazon
|g 7245.30
|l 12
|m 82
|o 336 GRU
|p 3010023836
|r 2022-01-23
|s 2021-11-30
|t 1
|w 2011-11-21
|y BK
|